000 00281nam a22001337a 4500
008 170811b xxu||||| |||| 00| 0 eng d
020 _a0395431549
041 _aeng
080 _a51
100 _a36
101 _aMAT
245 _aDESCARTES DREAM
_cDAVIS,PH.J
942 _2udc
_cBK
999 _c23213
_d23213